Регионална библиотека "Любен Каравелов" - Русе

По пътя към свръхелементите (Запис номер 174466)

MARC детайли
000 -Лидер
Контролно поле с фиксирана дължина 01747nam a2200325 c 4500
003 - Код на организацията, давaща контролен номер
Контролно поле BLK
005 - Дата и час на последна редакция
Контролно поле 20191028100156.0
008 - Елементи от данни с фиксирана дължина
fixed length control field 180411b bul|||||r ||||||| ||bul||
010 ## - Наследен системен номер
LC control number KNG00182952000
040 ## - Източник на каталожния запис
Идентификатор на билиотеката - собственик на записа BLK
041 ## - Код за език
Код за езика на текст/звукозапис или на отделно заглавие Български
Код за езика КДБФ Български
080 ## - УДК
Текстов определител УДК Радиоактивни елементи Проактиний Pa;актиний Ac;трансуранови елементи;нептуний Np;плутоний Pu;америций Am;кюрий Cm;беркелий Bk;калифорний Cf;айнщайний E;фермий Fm;менделевий Md;нобелий No;лауренций Lw.
УДК код - определител по УДК 546.79
УДК определител (02.062)
УДК - код + определител 546.79(02.062)
100 1# - Редна дума - Автор
Автор Фльоров, Георги Николаевич
Авторска отговорност първи автор
R(LIN) 134476
139 ## - Редно поле
Редна дума Фльоров, Георги Николаевич и др.
Авторски знак Флот - Ф 65
245 10 - Сведения за заглавието
Заглавие По пътя към свръхелементите
Подзаглавни данни Науч.-попул. четиво
Редно поле (дума) Георги Николаевич Фльоров; съавт. Александър Сергеевич Илинов; прев. от рус. Ана Григорова.
257 ## - Страна на издаване
Страна на създаване/издаване СССР
260 ## - Област на издателските данни
-- София
Име на издателя, разпространителя и проч. Нар. просв.
Година на издаване 1981
300 ## - Физическа характеристика
Страници 120 с.
Илюстрации и др. с ил.
Размери/Мащаб 17 см
380 ## - Жанр
Жанр Естествени науки. Математика
500 ## - Общи забележки
Забележка Ориг. загл. На пути к сверхэлементам. - Офс. изд. - 2 605 тир.
650 #4 - Допълнително описание по предмет – тема
Основно описание – тема или топоним Химически елементи
9 (RLIN) 339625
653 ## - Ключова дума – ненормативна
Ключова дума свръхелементи
700 1# - Други автори (авторска отговорност)
Лично име Илинов, Александър Сергеевич
Автороска отговорност (Описва отношението между автора и произведението) съавт.
9 (RLIN) 339776
700 1# - Други автори (авторска отговорност)
Лично име Григорова, Ана
Автороска отговорност (Описва отношението между автора и произведението) прев. от рус.
9 (RLIN) 369351
852 ## - Местоположение
Форматна сигнатура Цб І 18921
856 4# - Електронен адрес и достъп
Електронен формат pdf - файл
Път до файла /url/
856 4# - Електронен адрес и достъп
Електронен формат pdf - файл
Път до файла /url/
942 ## - АРТИКУЛИ
Вид на библиотечния материал Книги
Скрит в OPAC Не
Koha issues (borrowed), all copies 1
944 ## - СЪЗДАВАНЕ И РЕДАКЦИЯ на ЗАПИСА
Създаване/Редакция Създаване
Дата на регистрацията/редакция 30.09.2015
Служител, извършил регистрацията/редакцията Кети_Илиева
944 ## - СЪЗДАВАНЕ И РЕДАКЦИЯ на ЗАПИСА
Създаване/Редакция Редакция
Дата на регистрацията/редакция 30.09.2015
Служител, извършил регистрацията/редакцията Кети_Илиева
999 ## - СИСТЕМНИ КОНТРОЛНИ НОМЕРА
Koha biblionumber 174466
Koha biblioitemnumber 174466
Наличности
Код за отписване Код за изгубен артикул Източник на класификационната схема Код за повреда Коз за рестрикции Код за отдаване Артикулен № Име на библиотеката - собственик Име на библиотеката, в която се намира в момента Статус (Текущо местоположение) Дата на вписване в системата Местоположение - отдел Цена в лева Инвентарен номер Систематично азбучна сигнатура Баркод Номер на екземпляра Цена в евро Служебна бележка Служебен тип на артикула
  Не е изгубен Universal Decimal Classification Не е повреден без рестрикции ползва се в читалня 299501 Регионална библиотека "Любен Каравелов" Русе Регионална библиотека "Любен Каравелов" Русе Хранилище 1981-01-01 Хранилище 0.67 330460 Цб І 18921 120000330460 1 0.34 Вид: Сф Дата: 01.01.1981 Книги
Изтеглен Не е изгубен Universal Decimal Classification Не е повреден без рестрикции заемане за дома 299502 Регионална библиотека "Любен Каравелов" Русе Регионална библиотека "Любен Каравелов" Русе Заемна - подръчен фонд 1981-01-01 Заемна - подръчен фонд 0.67 338909 П 546/Ф 65 338909 2 0.34 Вид: Сф Дата: 01.01.1981 Дата инв: 02.02.2018 Бележки инв: П2018 Книги
Изтеглен Не е изгубен Universal Decimal Classification Не е повреден без рестрикции заемане за дома 299503 Регионална библиотека "Любен Каравелов" Русе Регионална библиотека "Любен Каравелов" Русе Заемна - подръчен фонд 1981-01-01 Заемна - подръчен фонд 0.67 338910 П 546/Ф 65 338910 3 0.34 Вид: Сф Дата: 01.01.1981 Книги
Изтеглен Не е изгубен Universal Decimal Classification Не е повреден без рестрикции заемане за дома 299504 Регионална библиотека "Любен Каравелов" Русе Регионална библиотека "Любен Каравелов" Русе Заемна - подръчен фонд 1981-01-01 Заемна - подръчен фонд 0.67 338911 П 546/Ф 65 338911 4 0.34 Вид: Сф Дата: 01.01.1981 Книги
Изтеглен Не е изгубен Universal Decimal Classification Не е повреден без рестрикции заемане за дома 299505 Регионална библиотека "Любен Каравелов" Русе Регионална библиотека "Любен Каравелов" Русе Заемна - подръчен фонд 1981-01-01 Заемна - подръчен фонд 0.67 338913 П 546/Ф 65 338913 5 0.34 Вид: Сф Дата: 01.01.1981 Книги
Изтеглен Не е изгубен Universal Decimal Classification Не е повреден без рестрикции заемане за дома 299506 Регионална библиотека "Любен Каравелов" Русе Регионална библиотека "Любен Каравелов" Русе Детски отдел 1981-01-01 Детски отдел 0.67 338625 ДХ 54/Ф 65 338625 6 0.34 Вид: Сф Дата: 01.01.1981 Дата инв: 01.10.2015 Бележки инв: Д2015 Книги
Изтеглен Не е изгубен Universal Decimal Classification Не е повреден без рестрикции заемане за дома 299507 Регионална библиотека "Любен Каравелов" Русе Регионална библиотека "Любен Каравелов" Русе Детски отдел 1981-01-01 Детски отдел 0.67 372475 ДХ 54/Ф 65 372475 7 0.34 Вид: Сф Дата: 01.01.1981 Дата инв: 01.10.2015 Бележки инв: Д2015 Книги
Vip Innovations Ltd, Rousse, Bulgaria 2025